<?xml version="1.0" encoding="UTF-8"?>
<marc:record xmlns:marc="http://www.loc.gov/MARC21/slim">
   <marc:leader>00000nam a2200000 a 4500</marc:leader>
   <marc:datafield ind1="1" ind2=" " tag="100">
      <marc:subfield code="a">Sveen, Gard</marc:subfield>
      <marc:subfield code="4">aut</marc:subfield>
      <marc:subfield code="e">Verfasser/-in</marc:subfield>
   </marc:datafield>
   <marc:datafield ind1="0" ind2="0" tag="245">
      <marc:subfield code="a">Die stille Tochter</marc:subfield>
   </marc:datafield>
   <marc:datafield ind1="0" ind2="0" tag="245">
      <marc:subfield code="b">Thriller</marc:subfield>
   </marc:datafield>
   <marc:datafield ind1="0" ind2="0" tag="245">
      <marc:subfield code="c">Gard Sveen</marc:subfield>
   </marc:datafield>
   <marc:datafield ind1=" " ind2="1" tag="264">
      <marc:subfield code="a">Berlin</marc:subfield>
      <marc:subfield code="b">Ullstein Taschenbuch Verlag</marc:subfield>
      <marc:subfield code="c">2020</marc:subfield>
   </marc:datafield>
   <marc:datafield ind1="1" ind2=" " tag="490">
      <marc:subfield code="a">Ein Fall für Tommy Bergmann</marc:subfield>
      <marc:subfield code="v">4</marc:subfield>
   </marc:datafield>
   <marc:datafield ind1=" " ind2=" " tag="250">
      <marc:subfield code="a">1. Auflage</marc:subfield>
   </marc:datafield>
   <marc:datafield ind1="1" ind2=" " tag="520">
      <marc:subfield code="a">Angaben aus der Verlagsmeldung

Die stille Tochter : Thriller Bjørnen / von Gard Sveen

Wer ist Freund und wer ist Feind?

Oslo, 1982: An einem eiskalten Dezembertag verschwindet die ehemalige DDR-Bürgerin und KGB-Agentin Christel Heinze. Hat ihre große Liebe Arvid Storholt, ein berühmt berüchtigter Doppelagent, damit zu tun? War es wirklich wahre Liebe oder nur eine Gelegenheit zum Verrat? Oslo, 2016: In einem See werden die Überreste einer Frauenleiche gefunden. Kurz darauf wird Arvid Storholt ermordet. Tommy Bergmann, selbstzerstörerischer Ex-Polizist, ermittelt für den norwegischen Geheimdienst. Gibt es eine Verbindung zwischen der toten Unbekannten und dem ermordeten Sowjetagenten? Tommy Bergmann stößt auf einen alten Skandal, der auch ihm selbst gefährlich werden kann.
</marc:subfield>
   </marc:datafield>
   <marc:datafield ind1=" " ind2=" " tag="020">
      <marc:subfield code="a">9783548062358</marc:subfield>
      <marc:subfield code="9">9783548062358</marc:subfield>
   </marc:datafield>
   <marc:datafield ind1=" " ind2=" " tag="020">
      <marc:subfield code="a">3548062350</marc:subfield>
      <marc:subfield code="9">3548062350</marc:subfield>
   </marc:datafield>
   <marc:datafield ind1=" " ind2=" " tag="041">
      <marc:subfield code="a">ger</marc:subfield>
   </marc:datafield>
   <marc:datafield ind1=" " ind2=" " tag="300">
      <marc:subfield code="a">368 Seiten</marc:subfield>
   </marc:datafield>
</marc:record>
